Test Vocabulaire Français (vers anglais) - Cinéma - Statistiques

Statistiques générales
  • Ce quiz a été pris 20 fois
    15 depuis la dernière actualisation
  • Le résultat moyen est 21 sur 151
Statistiques - réponses
Hint Réponse % Correct
présence conseillée des parents A
73%
un producteur a producer
64%
réaliser direct
45%
une caméra a camera
36%
un cinéma a cinema
36%
un film | une pellicule a film
36%
un écran a screen
36%
un sous-titre a subtitle
36%
sous-titrer subtitle
36%
un cameraman a cameraman
27%
un gros plan a close-up
27%
une comédie a comedy
27%
un script a script
27%
une prise de vue, un plan a shot
27%
une vedette a star
27%
une version sous-titrée a subtitled version
27%
un western a western
27%
coloriser colorize
27%
l'équipe the crew
27%
le plateau de tournage the set
27%
le son the sound
27%
interdit aux moins de 14 ans AA
18%
un film en noir et blanc a black-and-white film
18%
un immense succès a blockbuster
18%
une planche a board
18%
un documentaire a documentary
18%
un acteur de cinéma a film actor
18%
une actrice de cinéma a film actress
18%
un réalisateur a film director
18%
un cadre a frame
18%
un plan général a long shot
18%
une comédie musicale a musical
18%
une récompense a prize
18%
un scénariste a scriptwriter
18%
une suite a sequel
18%
une séquence a sequence
18%
une bande-son a soundtrack
18%
assembler assemble
18%
un studio de tournage a studio
18%
une cascade a stunt
18%
un cascadeur a stuntman
18%
un film à suspense a thriller
18%
acheter un billet buy a ticket
18%
le mouvement de la caméra camera movement
18%
profond deep
18%
doubler dub
18%
le doublage dubbing
18%
aller au cinéma go to the cinema
18%
tourner shoot
18%
les effets spéciaux special effects
18%
synchroniser synchronize
18%
le générique the credits
18%
le cadrage the framing
18%
la lumière, l'éclairage the light
18%
la manière d'éclairer the lighting
18%
les accessoires du décor the props
18%
la séance the show
18%
un perchiste a boom operator
9%
un échec commercial a box-office failure
9%
un succès commercial a box-office hit
9%
un dessin animé a cartoon
9%
un clap a clapper board
9%
un plan américain a close medium shot
9%
un film publicitaire a commercial film
9%
un directeur de la photographie a director of photography
9%
un distributeur a distributor
9%
un cinéma plein air a drive-in
9%
un navet a dud
9%
un mordu de cinéma a film buff
9%
un festival cinématographique a film festival
9%
une cinémathèque a film library
9%
un bide a flop
9%
un film d"horreur sanglant a gore movie
9%
une plongée a high-angle shot
9%
un film d'horreur a horror film
9%
un chef éclairagiste a lighting director
9%
une contre-plongée a low-angle shot
9%
un film à petit budget a low-budget film
9%
une superproduction a mammoth production
9%
un cinéphile a moviegoer
9%
un cinéma multisalles a multiplex cinema
9%
un film d'aventures an adventure film
9%
un film d'auteur an art film
9%
une table de montage an editing table
9%
un producteur indépendant an independent
9%
une ouvreuse an usherettte
9%
une avant-première a press view
9%
un projecteur a projector
9%
une nouvelle version a remake
9%
d'art et d'essai art-house
9%
un film de science-fiction a science fiction film
9%
un scénario a screenplay
9%
un film muet a silent film
9%
un film porno a skin flick
9%
une doublure, un remplaçant a stand-in
9%
un film parlant a talking movie
9%
une piste a track
9%
un travelling a tracking shot
9%
une bande-annonce a trailer
9%
faire un gros plan sur close up on
9%
la nuit américaine day for night
9%
la profondeur de champ depth of field
9%
distribuer distribute
9%
attirer un public draw an audience
9%
monter un film edit a film
9%
le montage editing
9%
présenter en vedette feature
9%
la fréquentation des salles de cinéma movie-going
9%
faire un panoramique pan
9%
accompagnement parental conseillé Parental Guidance
9%
faire la queue queue up
9%
ratisser rake
9%
faire sortir en salle release
9%
balayer scan
9%
porter un roman à l'écran screen a novel
9%
tourner en studio shoot in a studio
9%
tourner en extérieur shoot on location
9%
projeter un film show a film
9%
la célébrité stardom
9%
le taux de fréquentation the box-office
9%
les recettes des guichets the box-office takings
9%
la séance de minuit the late-night show
9%
les chutes the out-takes
9%
la sortie the release
9%
les épreuves du tournage the rushes
9%
tous public, u compris jeunes enfants Universal, children
9%
regarder un film watch a movie
9%
remporter un prix win a prize
9%
un film en couleur a colour film
0%
une script(-girl) a continuity girl
0%
un film policier a detective film
0%
un long métrage a feature film
0%
un prix a film award
0%
un monteur a film editor
0%
une grande société de production a major company
0%
un film couronné an Award-winning film
0%
un figurant an extra
0%
un film classé X an X-rated film
0%
un angle de vue a shooting angle
0%
un court métrage a short film
0%
un film sadique a snuff movie
0%
un second rôle a supporting actor
0%
un documentaire touristique a travelogue
0%
décerner un prix award a prize
0%
rapporter de l'argent bring in
0%
les techniques cinématographiques filming techniques
0%
la réalisation d'un film making a film
0%
faire des cascades perform stunt
0%
la commission de censure britannique The British Board of Film Censors
0%
tous public Universal admission
0%
Aucun quiz correspondant
Distribution des résultats
% des personnes avec chaque résultat
Percentile par nombre de réponses
Votre historique - résultats
Vous n’avez pas pris ce quiz depuis la dernière actualisation